Fifth international road federation executive conferenc on road managment/ (Record no. 547416)

000 -LEADER
fixed length control field 00371nam a22001217a 4500
082 ## - DEWEY DECIMAL CLASSIFICATION NUMBER
Classification number 625.7068
Author Mark FIF
100 ## - MAIN ENTRY--PERSONAL NAME
Personal name THE WORLD BANK.
9 (RLIN) 19583
245 ## - TITLE STATEMENT
Title Fifth international road federation executive conferenc on road managment/
Remainder of title THE WORLD BANK.
260 ## - PUBLICATION, DISTRIBUTION, ETC.
Place of publication, distribution, etc. Tempe, Arizona.
Date of publication, distribution, etc. 1991.
526 ## - STUDY PROGRAM INFORMATION NOTE
Program name 0
Interest level 0
Reading level 0
Title point value 625_706800000000000_FIF
650 ## - SUBJECT ADDED ENTRY--TOPICAL TERM
Topical term or geographic name entry element MCE
9 (RLIN) 379
942 ## - ADDED ENTRY ELEMENTS (KOHA)
Source of classification or shelving scheme
Koha item type Book
Holdings
Withdrawn status Lost status Source of classification or shelving scheme Damaged status Not for loan Permanent Location Current Location Date acquired Total Checkouts Full call number Barcode Date last seen Price effective from Koha item type
          Military College of Engineering (MCE) Military College of Engineering (MCE) 07/14/2014   625.7068 FIF MCE-42654 07/14/2014 07/14/2014 Book
© 2023 Central Library, National University of Sciences and Technology. All Rights Reserved.